Der Materialismus in der Culturgeschichte von ...

Hlavní autor: Haffner, Paul
Jazyk: Němčina
Vydáno: Mainz : Franz Kirchheim, 1865
Fyzický popis: XI, 385 s. ; 8°
Knihy
Uloženo v:
LEADER 00804nam a22002537a 4500
001 mzk03001173291
003 CZ BrMZK
005 20111208141510.0
007 ta
008 990305s1865 gw fr|||||00| ||gerod
040 |a BOA001  |b cze  |c BOA001 
072 7 |a 094.5  |x Tisky (19. století)  |2 Konspekt  |9 12 
100 1 |a Haffner, Paul  |4 aut 
245 1 4 |a Der Materialismus in der Culturgeschichte von ... 
260 |a Mainz :  |b Franz Kirchheim,  |c 1865 
300 |a XI, 385 s. ;  |c 8° 
910 |a ZNE450  |b ZD-10.VIII.37 
978 |b Kirchheim, Franz  |a Mainz  |c 1865 
984 |a Mohuč  |b Německo 
985 |a 1851-1900 
990 |a BK 
991 |k znojmo 
980 |g ZD-10.VIII.37  |1 461030002753 
996 6 |b 461030002753  |c ZD-10.VIII.37  |l stud. ST  |r Sklad / do násl. otevíracího dne  |n 0  |w 001742076  |u 000010  |a 1  |e BOA001  |s P